000 00728cam a2200205 4500
001 WS114652
008 010919n 000 0 eng u
035 _a(Sirsi) u114652
110 _aDepartment for Environment, Food and Rural Affairs
_94094
245 _aDEFRA : Horticulture
520 _aWeb pages for this government department's work on horticulture including the work of the Horticulture Marketing Inspectorate.
650 _aGOVERNMENT
650 _aHORTICULTURE
650 _aBEES
650 _aHORTICULTURE MARKETING INSPECTORATE
650 _aMARKETING
690 _aRural
_96268
856 4 0 _uhttps://www.defra.gov.uk/hort/hortindx.htm
_zView the website free of charge at www.defra.gov.uk...
942 _n0
999 _c119895
_d119895